[Event "San Francisco Grey Memorial"]
[Site "San Francisco"]
[Date "2017.09.12"]
[Round "6"]
[White "Uzzaman, Ashik"]
[Black "Argo, Guy M"]
[Result "1-0"]
[WhiteElo "1960"]
[BlackElo "1972"]
[PlyCount "69"]
[EventDate "2017.08.08"]
[EventType "swiss"]
[EventRounds "9"]
[EventCountry "USA"]
[SourceTitle "EXT 2023"]
[Source "ChessBase"]
[SourceDate "2022.10.05"]
[SourceVersion "1"]
[SourceVersionDate "2022.10.05"]
[SourceQuality "1"]

1. e4 e5 2. f4 d5 3. exd5 c6 4. Qe2 cxd5 5. Qxe5+ Be7 6. Nf3 Nf6 7. Bb5+ Nc6 8. Bxc6+ bxc6 9. 0-0 0-0 10. d3 Re8 11. Kh1 Bg4 12. Qc3 Bxf3 13. Rxf3 Qb6 14. Be3 c5 15. Bg1 Rab8 16. b3 Ne4 17. Qb2 Bf6 18. c3 Nd6 19. Na3 a5 20. Qd2 Qc6 21. Rb1 Re7 22. Nc2 Nb5 23. d4 c4 24. bxc4 Qxc4 25. Ne3 Rxe3 26. Rxe3 Rc8 27. Qd3 Qxd3 28. Rxd3 Nd6 29. Bf2 g6 30. Be1 Bd8 31. g4 Kg7 32. Kg2 Rc4 33. Re3 Ne4 34. Rb5 Bc7 35. Kf3 1-0

[Event "San Francisco Grey Memorial"]
[Site "San Francisco"]
[Date "2017.08.22"]
[Round "3"]
[White "Uzzaman, Ashik"]
[Black "Hack, Richard"]
[Result "1-0"]
[WhiteElo "1960"]
[BlackElo "1608"]
[PlyCount "53"]
[EventDate "2017.08.08"]
[EventType "swiss"]
[EventRounds "9"]
[EventCountry "USA"]
[SourceTitle "EXT 2023"]
[Source "ChessBase"]
[SourceDate "2022.10.05"]
[SourceVersion "1"]
[SourceVersionDate "2022.10.05"]
[SourceQuality "1"]

1. e4 e5 2. f4 exf4 3. Nf3 g5 4. Nc3 g4 5. Ne5 d6 6. Nxg4 Qh4+ 7. Nf2 Nf6 8. d4 Bg4 9. Be2 Rg8 10. e5 dxe5 11. dxe5 Bc5 12. Rf1 Nfd7 13. Nce4 Be6 14. Nxc5 Nxc5 15. Bf3 Bc4 16. Rh1 Ba6 17. Qd4 Ne6 18. Qa4+ c6 19. g3 Bb5 20. Qe4 Qe7 21. Bxf4 Nd7 22. 0-0-0 f6 23. Bh5+ Kf8 24. exf6 Qxf6 25. Rd6 Ke7 26. Re1 Ndc5 27. Qb4 1-0

[Event "San Francisco TNM Spring op"]
[Site "San Francisco"]
[Date "2017.03.21"]
[Round "2"]
[White "Uzzaman, Ashik"]
[Black "Cohee, James"]
[Result "1-0"]
[WhiteElo "1930"]
[BlackElo "1651"]
[PlyCount "147"]
[EventDate "2017.03.14"]
[EventType "swiss"]
[EventRounds "8"]
[EventCountry "USA"]
[SourceTitle "EXT 2023"]
[Source "ChessBase"]
[SourceDate "2022.10.05"]
[SourceVersion "1"]
[SourceVersionDate "2022.10.05"]
[SourceQuality "1"]

1. e4 c5 2. Nc3 Nc6 3. f4 e6 4. Nf3 d5 5. Bb5 a6 6. Bxc6+ bxc6 7. d3 Nf6 8. Qe2 Be7 9. 0-0 0-0 10. b3 a5 11. Na4 Nd7 12. Ba3 Ba6 13. c4 Qc7 14. Qe3 d4 15. Qd2 Rfe8 16. Rae1 Rad8 17. e5 Bc8 18. Kh1 Qa7 19. Rc1 Nf8 20. Qf2 h6 21. Nd2 Nd7 22. Ne4 Rf8 23. Qg3 Nb8 24. Bxc5 Bxc5 25. Naxc5 Na6 26. Nxa6 Qxa6 27. a4 Kh8 28. Rb1 Qb6 29. Rfc1 c5 30. Nd6 Rxd6 31. exd6 Qxd6 32. Re1 Bd7 33. f5 Qxg3 34. hxg3 Rb8 35. fxe6 Bxe6 36. Re5 Rc8 37. Kg1 g6 38. Kf2 Kg7 39. Ke2 Kf6 40. Re4 h5 41. Rf1+ Ke7 42. Kd2 Kd6 43. Rf6 Re8 44. g4 hxg4 45. Rxg4 Rh8 46. Rg5 Ke7 47. Rf1 Kd6 48. Re1 Rh4 49. Rge5 Rg4 50. R5e2 Rg3 51. Kc2 Bf5 52. Rd2 Be6 53. Rh1 Kc7 54. Rh8 Kb7 55. Re8 Re3 56. Re7+ Kb6 57. Rf2 Rg3 58. Kd2 Bf5 59. Rxf7 Rxd3+ 60. Kc1 Rxb3 61. Rb2 Rb4 62. Rf6+ Kb7 63. g3 Bd3 64. g4 Rxb2 65. Kxb2 Bxc4 66. Rxg6 Be2 67. g5 Bd1 68. Rf6 c4 69. g6 c3+ 70. Kc1 Bxa4 71. Rd6 Bb3 72. Rxd4 Kc6 73. Rd3 a4 74. Rxc3+ 1-0

[Event "San Francisco TNM Winter op"]
[Site "San Francisco"]
[Date "2017.01.31"]
[Round "5"]
[White "Lesquillier, Walter"]
[Black "Uzzaman, Ashik"]
[Result "0-1"]
[WhiteElo "1677"]
[BlackElo "1923"]
[PlyCount "62"]
[EventDate "2017.01.03"]
[EventType "swiss"]
[EventRounds "8"]
[EventCountry "USA"]
[SourceTitle "EXT 2018"]
[Source "ChessBase"]
[SourceDate "2017.10.13"]
[SourceVersion "1"]
[SourceVersionDate "2017.10.13"]
[SourceQuality "1"]

1. e4 c5 2. Ne2 d6 3. g3 Nf6 4. Bg2 Nc6 5. 0-0 e5 6. c3 Bg4 7. d3 Be7 8. Bg5 h6 9. Be3 Rc8 10. c4 0-0 11. Nbc3 Nd4 12. f3 Be6 13. Qd2 Qd7 14. f4 Bh3 15. f5 Bxg2 16. Kxg2 Ng4 17. Nd5 Nxe3+ 18. Nxe3 Bg5 19. Rfc1 g6 20. h4 Bxe3 21. Qxe3 Nxe2 22. Qxe2 gxf5 23. Qh5 fxe4 24. dxe4 Qe6 25. Rf1 Qg6 26. Qf3 Rc7 27. Rad1 Re7 28. Kh2 Re6 29. g4 Kg7 30. g5 hxg5 31. Qf5 Rh8 0-1

[Event "San Francisco TNM Fall op"]
[Site "San Francisco"]
[Date "2016.11.08"]
[Round "4"]
[White "McKellar, Daniel"]
[Black "Uzzaman, Ashik"]
[Result "0-1"]
[WhiteElo "1745"]
[BlackElo "1979"]
[PlyCount "60"]
[EventDate "2016.10.18"]
[EventType "swiss"]
[EventRounds "9"]
[EventCountry "USA"]
[SourceTitle "EXT 2018"]
[Source "ChessBase"]
[SourceDate "2017.10.13"]
[SourceVersion "1"]
[SourceVersionDate "2017.10.13"]
[SourceQuality "1"]

1. d4 Nf6 2. c4 e6 3. Nc3 Bb4 4. Qc2 b6 5. Bg5 0-0 6. Nf3 d5 7. e3 Ba6 8. Ne5 h6 9. Bxf6 gxf6 10. Ng6 Re8 11. cxd5 Bxc3+ 12. bxc3 Bxf1 13. Kxf1 Qxd5 14. Nf4 Qc4+ 15. Qd3 Qxd3+ 16. Nxd3 Nc6 17. Nb4 Na5 18. Ke2 Rac8 19. Kd3 c5 20. Nc2 e5 21. f3 Re7 22. g4 cxd4 23. cxd4 Rec7 24. Rhc1 exd4 25. exd4 Rc3+ 26. Kd2 Rxf3 27. Rf1 Nc4+ 28. Ke2 Rc3 29. Nb4 Re8+ 30. Kf2 Nd6 0-1

[Event "San Francisco TNM Fall op"]
[Site "San Francisco"]
[Date "2016.11.01"]
[Round "3"]
[White "Uzzaman, Ashik"]
[Black "O'Connor, Derek"]
[Result "0-1"]
[WhiteElo "1979"]
[BlackElo "2094"]
[PlyCount "92"]
[EventDate "2016.10.18"]
[EventType "swiss"]
[EventRounds "9"]
[EventCountry "USA"]
[SourceTitle "EXT 2018"]
[Source "ChessBase"]
[SourceDate "2017.10.13"]
[SourceVersion "1"]
[SourceVersionDate "2017.10.13"]
[SourceQuality "1"]

1. e4 c6 2. d4 d5 3. exd5 cxd5 4. Bd3 Nc6 5. c3 Qc7 6. Ne2 Bg4 7. f3 Bd7 8. 0-0 Nf6 9. Re1 e5 10. dxe5 Nxe5 11. Nd4 0-0-0 12. Bf1 Bd6 13. a4 Rhg8 14. Na3 a6 15. Nab5 axb5 16. axb5 b6 17. Qa4 g5 18. Be3 Rde8 19. Bf2 Kd8 20. Qc2 Ke7 21. Ra6 Kf8 22. Rxb6 Qxb6 23. Ne6+ Rxe6 24. Bxb6 Nxf3+ 25. gxf3 Rxe1 26. Kf2 Re6 27. h3 h5 28. c4 Bb4 29. Be2 Rxb6 30. c5 Rxb5 31. Bxb5 Bxb5 32. c6 Kg7 33. Qf5 Bd2 34. c7 Bd7 35. Qd3 Bf4 36. Kg2 h4 37. Qc3 Rc8 38. b4 Rxc7 39. Qd4 Rc2+ 40. Kg1 Rc4 41. Qb2 Bd6 42. b5 Rb4 43. Qd2 Rb1+ 44. Kg2 Bxh3+ 45. Kf2 Bc5+ 46. Ke2 Bf1# 0-1

[Event "San Francisco TNM Fall op"]
[Site "San Francisco"]
[Date "2016.10.18"]
[Round "1"]
[White "Starr, Albert Martin"]
[Black "Uzzaman, Ashik"]
[Result "0-1"]
[WhiteElo "1511"]
[BlackElo "1979"]
[PlyCount "84"]
[EventDate "2016.10.18"]
[EventType "swiss"]
[EventRounds "9"]
[EventCountry "USA"]
[SourceTitle "EXT 2018"]
[Source "ChessBase"]
[SourceDate "2017.10.13"]
[SourceVersion "1"]
[SourceVersionDate "2017.10.13"]
[SourceQuality "1"]

1. b4 e6 2. Bb2 Nf6 3. b5 d5 4. e3 a6 5. a4 axb5 6. axb5 Rxa1 7. Bxa1 c5 8. c4 Be7 9. Be2 0-0 10. d3 d4 11. exd4 cxd4 12. Nf3 Bc5 13. 0-0 Re8 14. Nbd2 e5 15. Nb3 Bf8 16. Re1 b6 17. Bf1 Nbd7 18. Bb2 Bb7 19. g3 Qa8 20. Bg2 Nc5 21. Nxc5 Bxc5 22. Nh4 Bxg2 23. Nxg2 Nd7 24. Qa1 Qf3 25. Qd1 Qb7 26. Nf4 Nf6 27. Nh5 Nxh5 28. Qxh5 e4 29. Qg4 h5 30. Qxh5 e3 31. fxe3 dxe3 32. d4 Bb4 33. Re2 Qe4 34. Qh4 Qd3 35. Qg4 Qxc4 36. Qd7 Re7 37. Qg4 Bd2 38. Kf1 Ra7 39. Qe4 Qxb5 40. d5 Qb3 41. Qe8+ Kh7 42. d6 Qd1+ 0-1

[Event "San Francisco TNM Fall op"]
[Site "San Francisco"]
[Date "2015.12.01"]
[Round "7"]
[White "Walder, Michael S"]
[Black "Uzzaman, Ashik"]
[Result "1-0"]
[WhiteElo "1994"]
[BlackElo "1950"]
[PlyCount "71"]
[EventDate "2015.10.20"]
[EventType "swiss"]
[EventRounds "9"]
[EventCountry "USA"]
[SourceTitle "EXT 2023"]
[Source "ChessBase"]
[SourceDate "2022.10.05"]
[SourceVersion "1"]
[SourceVersionDate "2022.10.05"]
[SourceQuality "1"]

1. c4 c5 2. g3 Nc6 3. Bg2 Nf6 4. Nf3 e6 5. 0-0 d5 6. b3 Be7 7. Bb2 d4 8. e3 e5 9. exd4 exd4 10. Re1 0-0 11. d3 Bg4 12. h3 Bh5 13. g4 Bg6 14. Nh4 Qd7 15. Nxg6 fxg6 16. Nd2 Rae8 17. a3 Kh8 18. Qc2 Bd8 19. Ne4 Nxe4 20. Rxe4 Bh4 21. Rf1 Re7 22. Bc1 Ref7 23. f4 Qc7 24. Qe2 h6 25. Bd2 Na5 26. b4 Nb3 27. bxc5 Nxd2 28. Qxd2 Qxc5 29. Qb4 Qc7 30. Re6 Rxf4 31. Qxf8+ Rxf8 32. Rxf8+ Kh7 33. Ree8 g5 34. Rh8+ Kg6 35. Be4+ Kf6 36. Rhf8+ 1-0

[Event "San Francisco TNM Fall op"]
[Site "San Francisco"]
[Date "2015.11.03"]
[Round "3"]
[White "Uzzaman, Ashik"]
[Black "Handler, Andrew Todd"]
[Result "1-0"]
[WhiteElo "1950"]
[BlackElo "1777"]
[PlyCount "103"]
[EventDate "2015.10.20"]
[EventType "swiss"]
[EventRounds "9"]
[EventCountry "USA"]
[SourceTitle "EXT 2023"]
[Source "ChessBase"]
[SourceDate "2022.10.05"]
[SourceVersion "1"]
[SourceVersionDate "2022.10.05"]
[SourceQuality "1"]

1. e4 c5 2. Nc3 Nc6 3. f4 a6 4. Nf3 e6 5. g3 d5 6. Bg2 Nf6 7. exd5 exd5 8. 0-0 Be7 9. d4 c4 10. Ne5 0-0 11. Kh1 Bd7 12. Nxd5 Nxd5 13. Bxd5 Bh3 14. Bxc6 bxc6 15. Rf2 Qd5+ 16. Qf3 Qxd4 17. Nxc6 Qd7 18. Nxe7+ Qxe7 19. Bd2 Rab8 20. Re1 Qb7 21. Qxb7 Rxb7 22. Bc3 f6 23. Rd2 Rb6 24. Kg1 Kf7 25. Kf2 Re8 26. Rxe8 Kxe8 27. Kf3 Be6 28. Ke4 Kf7 29. f5 Bc8 30. Rd8 Bb7+ 31. Kd4 Ke7 32. Rh8 Rc6 33. Rxh7 Kf7 34. Rh8 Rc8 35. Rxc8 Bxc8 36. g4 Bb7 37. h4 Bf3 38. g5 fxg5 39. hxg5 Bg4 40. Kxc4 Bxf5 41. Kb3 g6 42. Bf6 Ke6 43. c4 Kd6 44. Kb4 Kc6 45. Ka5 Kb7 46. c5 Be6 47. b3 Bf5 48. Bd4 Bc2 49. b4 Bb1 50. a4 Bc2 51. b5 axb5 52. axb5 1-0

[Event "San Francisco TNM Fall op"]
[Site "San Francisco"]
[Date "2015.10.20"]
[Round "1"]
[White "Chalissery, Jossy"]
[Black "Uzzaman, Ashik"]
[Result "0-1"]
[WhiteElo "1635"]
[BlackElo "1950"]
[PlyCount "60"]
[EventDate "2015.10.20"]
[EventType "swiss"]
[EventRounds "9"]
[EventCountry "USA"]
[SourceTitle "EXT 2023"]
[Source "ChessBase"]
[SourceDate "2022.10.05"]
[SourceVersion "1"]
[SourceVersionDate "2022.10.05"]
[SourceQuality "1"]

1. d4 Nf6 2. Nf3 e6 3. g3 c5 4. c3 Nc6 5. Bg2 d5 6. 0-0 Be7 7. Bf4 0-0 8. Nbd2 Nh5 9. Be3 cxd4 10. Nxd4 e5 11. Nxc6 bxc6 12. Nb3 a5 13. a4 Rb8 14. Qc2 f5 15. Bc5 Bxc5 16. Nxc5 Qb6 17. b4 f4 18. Qa2 fxg3 19. hxg3 axb4 20. cxb4 Qxb4 21. Rab1 Qxc5 22. Rxb8 Nxg3 23. e3 Nxf1 24. Bxf1 Qc1 25. Rb1 Qc5 26. a5 Bf5 27. Ra1 Rf6 28. a6 Rg6+ 29. Kh2 Qe7 30. Qa4 Qg5 0-1

[Event "San Francisco TNM Summer op"]
[Site "San Francisco"]
[Date "2015.05.26"]
[Round "1"]
[White "Uzzaman, Ashik"]
[Black "Stuetzel, Ezra G"]
[Result "1-0"]
[WhiteElo "2027"]
[BlackElo "1549"]
[PlyCount "39"]
[EventDate "2015.05.26"]
[EventType "swiss"]
[EventRounds "8"]
[EventCountry "USA"]
[SourceTitle "EXT 2016"]
[Source "ChessBase"]
[SourceDate "2015.10.08"]
[SourceVersion "1"]
[SourceVersionDate "2015.10.08"]
[SourceQuality "1"]

1. e4 d5 2. exd5 Nf6 3. d4 Nxd5 4. c4 Nb6 5. Nc3 c5 6. d5 e6 7. Be3 exd5 8. cxd5 Bd6 9. Bb5+ Bd7 10. Bd3 Na6 11. Rc1 Nc7 12. Ne4 Qe7 13. Nxd6+ Qxd6 14. Bxc5 Qe5+ 15. Ne2 Nbxd5 16. 0-0 Ne7 17. f4 Qf6 18. Ng3 Ne6 19. Ne4 Qxb2 20. Rf2 1-0

[Event "San Francisco TNM Spring op"]
[Site "San Francisco"]
[Date "2015.05.05"]
[Round "8"]
[White "Newey, Richard H"]
[Black "Uzzaman, Ashik"]
[Result "0-1"]
[WhiteElo "1797"]
[BlackElo "2045"]
[PlyCount "30"]
[EventDate "2015.03.17"]
[EventType "swiss"]
[EventRounds "8"]
[EventCountry "USA"]
[SourceTitle "EXT 2016"]
[Source "ChessBase"]
[SourceDate "2015.10.08"]
[SourceVersion "1"]
[SourceVersionDate "2015.10.08"]
[SourceQuality "1"]

1. e4 c5 2. Nf3 d6 3. Bc4 Nf6 4. Nc3 a6 5. 0-0 e6 6. Bb3 b5 7. e5 dxe5 8. Nxe5 c4 9. Nxc4 bxc4 10. Bxc4 Bb7 11. d4 Qc7 12. Qe2 Bd6 13. f4 0-0 14. d5 exd5 15. Nxd5 Nxd5 0-1

[Event "San Francisco TNM Spring op"]
[Site "San Francisco"]
[Date "2015.03.24"]
[Round "2"]
[White "Uzzaman, Ashik"]
[Black "Handler, Andrew Todd"]
[Result "1-0"]
[WhiteElo "2045"]
[BlackElo "1672"]
[PlyCount "83"]
[EventDate "2015.03.17"]
[EventType "swiss"]
[EventRounds "8"]
[EventCountry "USA"]
[SourceTitle "EXT 2016"]
[Source "ChessBase"]
[SourceDate "2015.10.08"]
[SourceVersion "1"]
[SourceVersionDate "2015.10.08"]
[SourceQuality "1"]

1. e4 c5 2. Nc3 Nc6 3. f4 g6 4. Nf3 Bg7 5. Bb5 Nd4 6. 0-0 Nxb5 7. Nxb5 d5 8. exd5 a6 9. Nc3 Nf6 10. d4 Nxd5 11. dxc5 Nxc3 12. Qxd8+ Kxd8 13. bxc3 Bxc3 14. Rd1+ Kc7 15. Rb1 Bf5 16. Bb2 Bxb2 17. Rxb2 Bg4 18. Kf2 Bxf3 19. Kxf3 Rhd8 20. Rdb1 Rab8 21. c4 Kc6 22. Rb6+ Kxc5 23. Rxb7 Rxb7 24. Rxb7 Kxc4 25. Rxe7 Rd3+ 26. Ke2 Ra3 27. Rxf7 Rxa2+ 28. Kf3 h5 29. Rf6 Ra3+ 30. Ke4 a5 31. Rc6+ Kb5 32. Rxg6 a4 33. Rg5+ Kb4 34. Rxh5 Ra1 35. Rh8 a3 36. Ra8 a2 37. Kf5 Kb3 38. g4 Rh1 39. g5 Rxh2 40. g6 Rg2 41. Kf6 Kb2 42. f5 1-0

[Event "San Francisco TNM Winter op"]
[Site "San Francisco"]
[Date "2015.01.06"]
[Round "1"]
[White "Chan, John"]
[Black "Uzzaman, Ashik"]
[Result "0-1"]
[WhiteElo "1514"]
[BlackElo "1938"]
[PlyCount "58"]
[EventDate "2015.01.06"]
[EventType "swiss"]
[EventRounds "8"]
[EventCountry "USA"]
[SourceTitle "EXT 2016"]
[Source "ChessBase"]
[SourceDate "2015.10.08"]
[SourceVersion "1"]
[SourceVersionDate "2015.10.08"]
[SourceQuality "1"]

1. d4 Nf6 2. c4 e6 3. a3 d5 4. Nc3 Be7 5. c5 a5 6. Nf3 0-0 7. h3 b6 8. cxb6 cxb6 9. Bf4 Ba6 10. Ne5 Nfd7 11. Nd3 Nc6 12. g3 Nxd4 13. Bg2 Nc5 14. 0-0 Nxe2+ 15. Nxe2 Nxd3 16. Qd2 Nxf4 17. gxf4 Bd6 18. Rfd1 Bxe2 19. Qxe2 Bxf4 20. Qg4 Qf6 21. Rab1 Rac8 22. Qe2 Bd6 23. Rd3 Qf4 24. Rbd1 Rc4 25. b3 Rc5 26. Rf3 Qh2+ 27. Kf1 Rfc8 28. Rd2 Rc1+ 29. Rd1 Bxa3 0-1

[Event "San Francisco TNM Fall op"]
[Site "San Francisco"]
[Date "2014.10.28"]
[Round "2"]
[White "Uzzaman, Ashik"]
[Black "Chalissery, Jossy"]
[Result "1-0"]
[WhiteElo "2015"]
[BlackElo "1719"]
[PlyCount "27"]
[EventDate "2014.10.21"]
[EventType "swiss"]
[EventRounds "8"]
[EventCountry "USA"]
[SourceTitle "EXT 2016"]
[Source "ChessBase"]
[SourceDate "2015.10.08"]
[SourceVersion "1"]
[SourceVersionDate "2015.10.08"]
[SourceQuality "1"]

1. e4 d5 2. exd5 Qxd5 3. Nc3 Qa5 4. d4 Nf6 5. Bc4 c6 6. Bd2 Bf5 7. Nf3 e6 8. 0-0 Nbd7 9. Re1 Bd6 10. Nb5 Bb4 11. Bxb4 Qxb4 12. a3 Qxb2 13. Ra2 Bxc2 14. Qd2 1-0

[Event "San Francisco TNM Jay Whitehead op"]
[Site "San Francisco"]
[Date "2014.09.30"]
[Round "9"]
[White "Uzzaman, Ashik"]
[Black "Flores Gomez, David"]
[Result "0-1"]
[WhiteElo "2102"]
[BlackElo "1793"]
[PlyCount "78"]
[EventDate "2014.08.05"]
[EventType "swiss"]
[EventRounds "9"]
[EventCountry "USA"]
[SourceTitle "EXT 2016"]
[Source "ChessBase"]
[SourceDate "2015.10.08"]
[SourceVersion "1"]
[SourceVersionDate "2015.10.08"]
[SourceQuality "1"]

1. e4 d6 2. d4 g6 3. c4 c5 4. dxc5 Qa5+ 5. Nc3 Qxc5 6. Be3 Qb4 7. Bd4 Nf6 8. a3 Qa5 9. b4 Qd8 10. Nd5 e5 11. Nxf6+ Qxf6 12. Be3 Nc6 13. Bd3 Be6 14. Qd2 Nd4 15. Bg5 Qg7 16. Rb1 h6 17. Be3 Rc8 18. Ne2 Be7 19. 0-0 g5 20. Rfc1 0-0 21. Bxd4 exd4 22. Ng3 Qe5 23. Rc2 Bf6 24. Rf1 Qf4 25. Qe2 Be5 26. Qh5 Bg4 27. Qxh6 Bg7 28. Qxg7+ Kxg7 29. h3 Kh8 30. hxg4 Qxg4 31. Nf5 Rg8 32. Nxd6 Rg6 33. Nxf7+ Kg7 34. Ne5 Qf4 35. Nxg6 Kxg6 36. e5+ Kg7 37. Re1 Rh8 38. g3 Qf3 39. Be4 Rh1# 0-1

[Event "San Francisco TNM Summer op"]
[Site "San Francisco"]
[Date "2014.05.27"]
[Round "1"]
[White "Uzzaman, Ashik"]
[Black "Oyuntseren, Togtokh"]
[Result "1-0"]
[WhiteElo "2086"]
[BlackElo "1395"]
[PlyCount "31"]
[EventDate "2014.05.27"]
[EventType "swiss"]
[EventRounds "8"]
[EventCountry "USA"]
[SourceTitle "EXT 2016"]
[Source "ChessBase"]
[SourceDate "2015.10.08"]
[SourceVersion "1"]
[SourceVersionDate "2015.10.08"]
[SourceQuality "1"]

1. e4 e5 2. Nf3 d6 3. d4 Bg4 4. dxe5 Bxf3 5. Qxf3 dxe5 6. Bc4 Qf6 7. Qb3 b6 8. Nc3 Bc5 9. 0-0 c6 10. Be3 Nd7 11. Rad1 Ne7 12. Rxd7 Kxd7 13. Bxc5 Rab8 14. Qa3 bxc5 15. Qxa7+ Kc8 16. Ba6+ 1-0

[Event "San Francisco TNM Winter op"]
[Site "San Francisco"]
[Date "2014.02.18"]
[Round "7"]
[White "Tsodikova, Natalia"]
[Black "Uzzaman, Ashik"]
[Result "0-1"]
[WhiteElo "2226"]
[BlackElo "1882"]
[PlyCount "42"]
[EventDate "2014.01.07"]
[EventType "swiss"]
[EventRounds "8"]
[EventCountry "USA"]
[SourceTitle "EXT 2016"]
[Source "ChessBase"]
[SourceDate "2015.10.08"]
[SourceVersion "1"]
[SourceVersionDate "2015.10.08"]
[SourceQuality "1"]

1. d4 Nf6 2. Bf4 c5 3. d5 Qb6 4. Nc3 Qxb2 5. Bd2 Qb6 6. e4 d6 7. Rb1 Qc7 8. Bb5+ Bd7 9. Qe2 a6 10. Bxd7+ Nbxd7 11. a4 g6 12. f4 Bg7 13. Nf3 0-0 14. e5 dxe5 15. fxe5 Ng4 16. e6 Nde5 17. Ng5 f5 18. h3 Nf6 19. 0-0 h6 20. Nf3 Nh5 21. Rfe1 Nxf3+ 0-1

[Event "San Francisco TNM Winter op"]
[Site "San Francisco"]
[Date "2014.02.11"]
[Round "6"]
[White "Uzzaman, Ashik"]
[Black "Thornally, Frank"]
[Result "0-1"]
[WhiteElo "1882"]
[BlackElo "2200"]
[PlyCount "78"]
[EventDate "2014.01.07"]
[EventType "swiss"]
[EventRounds "8"]
[EventCountry "USA"]
[SourceTitle "EXT 2016"]
[Source "ChessBase"]
[SourceDate "2015.10.08"]
[SourceVersion "1"]
[SourceVersionDate "2015.10.08"]
[SourceQuality "1"]

1. e4 e5 2. Nf3 Nc6 3. d4 exd4 4. Bc4 Nf6 5. e5 Ne4 6. Bd5 Nc5 7. 0-0 Be7 8. Re1 0-0 9. Nxd4 Nxd4 10. Qxd4 d6 11. Nc3 dxe5 12. Qxe5 Be6 13. Bxe6 Nxe6 14. Be3 Qd6 15. Qh5 Qc6 16. a3 Rad8 17. Rad1 Rxd1 18. Rxd1 Bd6 19. Qg4 f5 20. Qe2 Re8 21. Qh5 g6 22. Qh6 Bf8 23. Qh3 Bg7 24. Bh6 a6 25. Bxg7 Kxg7 26. Qh4 g5 27. Qb4 Nf4 28. f3 Kg6 29. Kf2 Re6 30. g3 Nh3+ 31. Kg2 g4 32. Rf1 Ng5 33. Qf8 Re8 34. Qb4 Nxf3 35. Kf2 Nxh2 36. Qf4 Nxf1 37. Kxf1 Qh1+ 38. Kf2 Qe1+ 39. Kg2 Rd8 0-1